| Поле | Инд. | ПП | Название | Значение |
|---|---|---|---|---|
| Тип записи | a | |||
| Библиографический уровень | b | |||
| 001 | Контрольный номер | 11c5395dfc7b4307b84ee5d4b21eaf04 | ||
| 005 | Дата корректировки | 20220426143028.0 | ||
| 024 | 80 | a | Стандартный номер | 10.1016/j.nima.2020.164175 |
| 040 | a | Служба первич. каталог. | РИНЦ | |
| 041 | 0_ | a | Код языка текста | Английский |
| 097 | a | Ануфриева Г.Ю. | ||
| 100 | 1_ | a | Автор | Scandale W. |
| 100 | 1_ | a | Автор | Cerutti F. |
| 100 | 1_ | a | Автор | Esposito L. S. |
| 100 | 1_ | a | Автор | Garattini M. |
| 100 | 1_ | q | Полное имя | Коваленко Александр Дмитриевич |
| g | Прочие сведения | РИНЦ AuthorID: 39456 (http://elibrary.ru/author_profile.asp?id= 39456); Scopus Author ID: 56119322700 (https://www.scopus.com/authid/detail.uri?authorId=56119322700); Scopus Author ID: 7202428184 (https://www.scopus.com/authid/detail.uri?authorId=7202428184) | ||
| a | Автор | Kovalenko A. D. | ||
| u | Дополнение | Коваленко А. Д.; Kovalenko A. D.; Kovalenko Alexander Dmitrievich | ||
| c | Титул (звания) | старший научный сотрудник; доктор физико-математических наук; профессор (должность) | ||
| i | 000091030 | |||
| k | Кафедра биофизики; Факультет естественных и инженерных наук | |||
| 245 | 10 | a | Заглавие | The ua9 setup for the double-crystal experiment in cern-sps |
| 773 | 18 | t | Название источника | Nuclear Instruments and Methods in Physics Research Section A: Accelerators, Spectrometers, Detectors and Associated Equipment |
| b | Сведения об издании | Elsevier Science Publishing Company, Inc. | ||
| c | Нидерланды | |||
| d | Место и дата издания | 2020 | ||
| m | Специф. данные | входит в Scopus;входит в WoS;Входит в ядро РИНЦ;зарубежный журнал;ненулевой импакт-фактор | ||
| o | Прочие индексы | wos 1.362, scopus 1.58 | ||
| x | ISSN | 0168-9002 | ||
| g | Прочая информация | V. 975. - P. 164175 | ||
| q | Q1 | |||
| w | Контрольный № источника | c1d9d77fda044d4dbba068f7db8b5aaa | ||
| 856 | 40 | u | URL | https://www.elibrary.ru/item.asp?id=43305268 |
| 901 | t | Тип документа | b | |
| 952 | c | Вид литературы | статья в журнале |